000 01581cam a2200169 4500500
005 20260405085526.0
041 _afre
042 _adc
100 1 0 _aBlum, Alain
_eauthor
700 1 0 _aDaucé, Françoise
_eauthor
700 1 0 _aElie, Marc
_eauthor
700 1 0 _aOhayon, Isabelle
_eauthor
245 0 0 _aL'âge soviétique : Une traversée de l'Empire russe au monde postsoviétique
260 _bArmand Colin,
_c2021.
520 _aL’histoire de l’ex-Empire russe, de l’URSS et du monde post-soviétique est essentielle à la compréhension des enjeux géopolitiques actuels. Cet ouvrage en propose une lecture claire en étudiant des problématiques communes à l'histoire de la fin de l'empire russe (à partir de la Révolution de 1905), à l'URSS et aux États post-soviétiques. Cet ouvrage, à travers une histoire thématique et chronologique, traite de plus d’un siècle d’histoire d’un Empire qui éclate à la fin des années 1980 avec la fin de l’URSS, laissant chacun des États qui en sont issus suivre des trajectoires divergentes, mais présentant souvent des traits communs. Cette histoire sera abordée à travers un ensemble de thématiques essentielles pour comprendre l’articulation entre les dynamiques sociales, politiques, économiques et culturelles de sociétés extrêmement diverses. Chaque thème, objet d’un chapitre, couvrira l’ensemble de la période qui s’étend du début du XXe  siècle à aujourd’hui.
856 4 1 _uhttps://shs.cairn.info/l-age-sovietique--9782200626426?lang=fr&redirect-ssocas=7080
999 _c2198289
_d2198289